| 000 | 00955nam a22002657a 4500 | ||
|---|---|---|---|
| 999 |
_c473 _d473 |
||
| 003 | AR-CdUCM | ||
| 008 | 190223b ||||| |||| 00| 0 spa d | ||
| 040 |
_aMUNICIPALIDAD PROVINCIAL DEL CUSCO _cBIBLIOTECA MUNICIPAL DEL CUSCO |
||
| 082 |
_a869.508 / _22 ed. _bB49 |
||
| 100 |
_aDelgado, Carlos _91864 |
||
| 245 | _aTestimonio de lucha / | ||
| 260 |
_aLima : _bPEISA, _c1973. |
||
| 300 |
_a267 páginas ; _c17 cm. |
||
| 440 |
_aBiblioteca Peruana _n : 9 _91865 |
||
| 500 | _a "El proceso revolucionario peruano: testimonio de lucha", México, 1972. | ||
| 505 | _aContenido: Proceso revolucionario -- Movilización social -- Partidos tradicionales -- Legado revolucionario ... | ||
| 650 |
_aBurocracia _91866 |
||
| 650 |
_aRevolucion _91867 |
||
| 650 |
_aApra _91868 |
||
| 650 |
_aLegado _91869 |
||
| 650 |
_aPerú - SINAMOS _91870 |
||
| 650 |
_aPerú - Gobierno Revolucionario, 1968-1980. _91871 |
||
| 942 |
_2ddc _cLIBROS |
||
| 945 |
_aacrt _d2019-02-23 |
||